000 00426nam a2200181Ia 4500
001 19058
005 20260306171716.0
008 260306s9999||||xx |||||||||||||| ||und||
041 _aESP
082 _a658.8
_bE92A
100 _aEsteban Talaya, Águeda
_eAUT
245 0 _aFundamentos de marketing
260 _c2013
300 _a210 páginas :
_c24 cm.
650 _aGEN
654 _aCAN
942 _cLIB
_dJUS
_fJUS
_2ddc
_n
999 _c19058
_d19058